[Event "Laval op"]
[Site "Laval CAN"]
[Date "2025.06.21"]
[Round "2.20"]
[White "Richard, Leo"]
[Black "Ivanov Yuan, Maksim"]
[Result "1-0"]
[WhiteElo "2014"]
[BlackElo "1878"]
[WhiteFideId "-1"]
[WhiteFideId "-1"]
[PlyCount "73"]
[GameId "2191977659380685"]
[EventDate "2025.06.19"]
[EventType "swiss"]
[EventRounds "5"]
[EventCountry "CAN"]

1. e4 e5 2. Nc3 Nf6 3. f4 d5 4. fxe5 Nxe4 5. Nf3 Bb4 6. Qe2 Bxc3 7. dxc3 O-O 8. Bf4 c6 9. O-O-O Qa5 10. a3 Bg4 11. h3 Be6 12. Qe3 Qc5 13. Nd4 Qb6 14. Bd3 Nc5 15. Bh6 Nbd7 16. Qg5 g6 17. Bxf8 Rxf8 18. b4 Nxd3+ 19. Rxd3 c5 20. Nxe6 Qxe6 21. Rhd1 cxb4 22. cxb4 Nb6 23. Qf6 Qd7 24. Rf1 Re8 25. Rdf3 Re7 26. h4 h5 27. g4 hxg4 28. h5 Qe6 29. hxg6 Qxf6 30. exf6 Re5 31. g7 Nd7 32. Rh1 Nxf6 33. Rxf6 Kxg7 34. Rf4 f5 35. Kd2 Kg6 36. Re1 Re4 37. Ref1 1-0

[Event "Laval op"]
[Site "Laval CAN"]
[Date "2025.06.21"]
[Round "2.21"]
[White "Wu, Ting En Ryan"]
[Black "Desforges, Jean"]
[Result "1-0"]
[WhiteElo "1881"]
[BlackElo "2003"]
[WhiteFideId "-1"]
[WhiteFideId "-1"]
[PlyCount "55"]
[GameId "2191992455074927"]
[EventDate "2025.06.19"]
[EventType "swiss"]
[EventRounds "5"]
[EventCountry "CAN"]

1. e4 d5 2. exd5 Nf6 3. d4 Nxd5 4. Nf3 g6 5. c4 Nb6 6. Nc3 Bg7 7. c5 Nd5 8. Bc4 c6 9. O-O O-O 10. Re1 Nxc3 11. bxc3 b5 12. Bb3 Nd7 13. Qe2 e6 14. Bf4 Nf6 15. Bd6 Re8 16. Ne5 Bd7 17. Qf3 Rc8 18. a4 a6 19. axb5 axb5 20. Ra7 Bf8 21. Rxd7 Nxd7 22. Qxf7+ Kh8 23. Re3 Qf6 24. Qxd7 Ra8 25. g3 Qf5 26. Nf7+ Kg8 27. Ng5 Qxg5 28. Rxe6 1-0

[Event "Laval op"]
[Site "Laval CAN"]
[Date "2025.06.21"]
[Round "2.22"]
[White "Page, Dany"]
[Black "Sun, Jonathan"]
[Result "0-1"]
[WhiteElo "1868"]
[BlackElo "1977"]
[WhiteFideId "-1"]
[WhiteFideId "-1"]
[PlyCount "76"]
[GameId "2192012951733370"]
[EventDate "2025.06.19"]
[EventType "swiss"]
[EventRounds "5"]
[EventCountry "CAN"]

1. d4 Nf6 2. Nc3 d5 3. Bf4 g6 4. Nb5 Na6 5. c4 c6 6. Nc3 Bg7 7. e3 O-O 8. h3 e6 9. Nf3 Qe7 10. c5 Ne8 11. Bxa6 bxa6 12. Qa4 Bb7 13. O-O f6 14. Qb4 a5 15. Qxa5 e5 16. dxe5 fxe5 17. Bg3 Bc8 18. Nd2 h5 19. Qb4 Be6 20. Ne2 Bf6 21. f4 e4 22. Nd4 Qd7 23. Nxe6 Qxe6 24. Qb7 Ng7 25. Nb3 Nf5 26. Bf2 h4 27. Rad1 a5 28. Nxa5 Rxa5 29. b4 Rb5 30. Qa6 Rxb4 31. Rb1 Rfb8 32. Rxb4 Rxb4 33. a4 Qd7 34. Qa8+ Kf7 35. Be1 Qb7 36. Qa5 Rb3 37. Bf2 Ke7 38. Rd1 Bc3 0-1

[Event "Laval op"]
[Site "Laval CAN"]
[Date "2025.06.21"]
[Round "2.23"]
[White "Filion, Samuel"]
[Black "Dukkardt, Vladimir"]
[Result "1-0"]
[WhiteElo "1975"]
[BlackElo "1842"]
[WhiteFideId "-1"]
[WhiteFideId "-1"]
[PlyCount "61"]
[GameId "2192014267856002"]
[EventDate "2025.06.19"]
[EventType "swiss"]
[EventRounds "5"]
[EventCountry "CAN"]

1. Nf3 c5 2. g3 g6 3. Bg2 Bg7 4. c4 Nc6 5. Nc3 d6 6. O-O e5 7. d3 Nge7 8. a3 a5 9. Rb1 O-O 10. Ne1 Be6 11. Bg5 f6 12. Be3 Qd7 13. Nc2 Bh3 14. b4 Bxg2 15. Kxg2 axb4 16. axb4 b6 17. bxc5 bxc5 18. Bd2 f5 19. Ne3 f4 20. Ned5 Nxd5 21. Nxd5 f3+ 22. exf3 Ra3 23. Bc1 Ra6 24. Be3 Nd4 25. Bxd4 exd4 26. Re1 Bf6 27. Re4 Qa4 28. Qe2 Qa2 29. Rb2 Qa3 30. Rb7 Bd8 31. Re8 1-0

[Event "Laval op"]
[Site "Laval CAN"]
[Date "2025.06.21"]
[Round "2.24"]
[White "Chang-Solomon, Donnell"]
[Black "Hu, Raymond"]
[Result "0-1"]
[WhiteElo "1289"]
[BlackElo "1944"]
[WhiteFideId "-1"]
[WhiteFideId "-1"]
[PlyCount "100"]
[GameId "2192016075695242"]
[EventDate "2025.06.19"]
[EventType "swiss"]
[EventRounds "5"]
[EventCountry "CAN"]

1. e4 c5 2. Nf3 Nc6 3. d4 cxd4 4. Nxd4 Nf6 5. Nc3 e6 6. Bg5 Bb4 7. Nxc6 bxc6 8. e5 Qa5 9. exf6 Bxc3+ 10. Bd2 Bxd2+ 11. Qxd2 Qxd2+ 12. Kxd2 gxf6 13. g4 h5 14. gxh5 Rxh5 15. h4 Bb7 16. Be2 Rh6 17. Rh3 c5 18. Rg1 Ke7 19. h5 f5 20. f4 Bd5 21. c4 Bc6 22. Ra3 a5 23. Rgg3 d6 24. Rab3 a4 25. Rb6 Kd7 26. Rd3 Rg8 27. Bf3 Bxf3 28. Rbxd6+ Kc7 29. Rd7+ Kc8 30. Ra7 Rd8 31. Rxd8+ Kxd8 32. Rxa4 Kc7 33. a3 Rxh5 34. b4 cxb4 35. axb4 Rh1 36. Ke3 Bb7 37. Kd4 f6 38. Ra3 Rh4 39. Rg3 Rxf4+ 40. Kc5 Rg4 41. Rd3 Rg7 42. Rd6 Re7 43. b5 f4 44. b6+ Kc8 45. Rd1 e5 46. Kb5 e4 47. c5 e3 48. c6 Re5+ 49. Kc4 Bxc6 50. Re1 f3 0-1

[Event "Laval op"]
[Site "Laval CAN"]
[Date "2025.06.21"]
[Round "2.25"]
[White "Barrera, Eduardo"]
[Black "Han, Ruochong"]
[Result "1-0"]
[WhiteElo "1901"]
[BlackElo "1661"]
[WhiteFideId "-1"]
[WhiteFideId "-1"]
[PlyCount "83"]
[GameId "2192028126860437"]
[EventDate "2025.06.19"]
[EventType "swiss"]
[EventRounds "5"]
[EventCountry "CAN"]

1. e4 c6 2. d4 d5 3. e5 c5 4. c3 Nc6 5. Be2 Bf5 6. Nf3 e6 7. O-O Nge7 8. dxc5 Ng6 9. b4 Ncxe5 10. Nxe5 Nxe5 11. f4 Nd7 12. g4 Be4 13. Be3 Qc7 14. Nd2 Be7 15. Nxe4 dxe4 16. Bb5 Rd8 17. Qc2 O-O 18. Bxd7 Qxd7 19. Qxe4 Qd3 20. Qxd3 Rxd3 21. Bd4 Bf6 22. Rad1 Bxd4+ 23. cxd4 Rxd1 24. Rxd1 Rd8 25. Kf2 Kf8 26. Ke3 Rd5 27. a4 Ke7 28. b5 Kd7 29. Rc1 h5 30. g5 g6 31. c6+ Kc7 32. cxb7+ Kxb7 33. Rc6 Rf5 34. h4 Rd5 35. Ke4 Rd7 36. a5 Rd5 37. Rc5 Rd7 38. d5 Rd6 39. dxe6 Rxe6+ 40. Re5 a6 41. Rxe6 fxe6 42. bxa6+ 1-0

[Event "Laval op"]
[Site "Laval CAN"]
[Date "2025.06.20"]
[Round "3.1"]
[White "Rodrigue-Lemieux, Shawn"]
[Black "Nassar, Marc"]
[Result "1-0"]
[Annotator "hugh_"]
[WhiteElo "2514"]
[BlackElo "1924"]
[WhiteFideId "-1"]
[WhiteFideId "-1"]
[PlyCount "85"]
[GameId "2190925832228864"]
[EventDate "2025.06.19"]
[EventType "swiss"]
[EventRounds "5"]
[EventCountry "CAN"]

{[%evp 0,81,24,25,1,0,5,9,20,18,32,22,26,33,45,33,33,30,51,34,64,51,104,76,68,52,40,60,64,30,22,1,15,27,29,14,21,19,3,0,146,144,133,116,222,215,209,238,216,186,146,68,135,117,-1,92,52,64,138,140,52,124,86,108,107,98,-72,45,45,94,144,80,138,198,164,163,168,164,175,8,173,184,212,26]} 1. c4 e5 2. g3 Nc6 3. Nc3 Bc5 4. Bg2 a6 5. e3 Ba7 6. Nge2 h5 7. h3 d6 8. d4 Nge7 9. dxe5 Nxe5 10. b3 Nf5 11. e4 Ne7 12. Nd4 N7c6 13. Be3 h4 14. g4 Nxd4 15. Bxd4 Bxd4 16. Qxd4 Qf6 17. O-O-O Be6 18. Rhf1 Qf4+ 19. Kb1 Qh6 20. f4 Nc6 21. Qf2 g5 22. e5 gxf4 23. exd6 cxd6 24. Ne4 O-O-O 25. g5 Qg6 26. Qxf4 d5 27. cxd5 Bxd5 28. Kb2 Bxe4 29. Bxe4 Qg7+ 30. Kb1 Rxd1+ 31. Rxd1 Qe5 32. Qxe5 Nxe5 33. Rc1+ Kb8 34. Rf1 Kc7 35. Bd5 Rg8 36. Rf5 Kd6 37. Bxb7 a5 38. Be4 Ke6 39. Kc2 Rc8+ 40. Kd2 Rd8+ 41. Ke3 Rd1 42. Rf6+ Ke7 43. Ra6 1-0

[Event "Laval op"]
[Site "Laval CAN"]
[Date "2025.06.21"]
[Round "3.2"]
[White "Guillemette, Hugo"]
[Black "Chiku-Ratte, Olivier-Kenta"]
[Result "1/2-1/2"]
[Annotator "hugh_"]
[WhiteElo "2174"]
[BlackElo "2303"]
[WhiteFideId "-1"]
[WhiteFideId "-1"]
[PlyCount "149"]
[GameId "2191261334626304"]
[EventDate "2025.06.19"]
[EventType "swiss"]
[EventRounds "5"]
[EventCountry "CAN"]

{[%evp 0,98,19,27,27,27,27,34,24,22,-10,17,30,20,14,20,19,-3,17,1,20,-16,-3,-11,-41,-37,-37,-31,-36,-55,-46,107,-10,-67,-32,-79,-31,-74,-5,-1,-50,-40,-35,62,-5,101,30,13,39,1,101,35,66,93,100,141,63,91,38,60,82,33,95,48,35,8,5,-1,-5,36,36,-17,49,27,-30,-24,-29,-49,-36,-1,-33,-21,-47,-50,-47,-45,-36,-40,-21,11,-1,96,56,-7,-50,-48,-34,180,-6,86,-6]} 1. e4 c5 2. Nf3 e6 3. Nc3 Nc6 4. d4 cxd4 5. Nxd4 Nf6 6. Nxc6 bxc6 7. e5 Nd5 8. Ne4 Bb7 9. c4 Nb4 10. Bd2 c5 11. Bxb4 cxb4 12. Nd6+ Bxd6 13. Qxd6 Qe7 14. O-O-O Qxd6 15. Rxd6 Ke7 16. Rd4 f6 17. exf6+ gxf6 18. Rh4 Rag8 19. Rg1 f5 20. h3 Be4 21. g3 Rc8 22. Be2 Kf6 23. Rd1 Rc7 24. Kd2 b3 25. axb3 Rb8 26. f3 Bc6 27. Kc2 Rcb7 28. Rd3 a5 29. Bd1 a4 30. Kd2 Kg6 31. Rhd4 axb3 32. Rc3 Rb4 33. Rdd3 Ba4 34. f4 Kf6 35. Ke3 h6 36. Kf2 Rc8 37. Bxb3 Bxb3 38. Rxb3 Rxb3 39. Rxb3 Rxc4 40. Kf3 h5 41. Rd3 Ke7 42. b3 Rc1 43. Ke3 Rg1 44. Kd4 h4 45. gxh4 Re1 46. Kc5 d6+ 47. Kb5 e5 48. h5 exf4 49. Kc4 Kf6 50. h6 Kg5 51. h7 Re8 52. Kc3 Rh8 53. Kd2 Rxh7 54. Ke2 Rb7 55. Kf3 Rb4 56. Rxd6 Rxb3+ 57. Kg2 Rb2+ 58. Kf3 Rh2 59. Ra6 Rxh3+ 60. Kf2 Rb3 61. Rc6 Rb2+ 62. Kf3 Rh2 63. Ra6 Rh3+ 64. Kf2 f3 65. Ra4 f4 66. Ra8 Kg4 67. Rg8+ Kf5 68. Rf8+ Ke5 69. Re8+ Kd5 70. Rd8+ Ke6 71. Re8+ Kf7 72. Re4 Rh4 73. Kxf3 Kf6 74. Rxf4+ Rxf4+ 75. Kxf4 1/2-1/2

[Event "Laval op"]
[Site "Laval CAN"]
[Date "2025.06.21"]
[Round "3.3"]
[White "Zheng, Richard"]
[Black "Berube, Maximilien"]
[Result "1-0"]
[Annotator "hugh_"]
[WhiteElo "2302"]
[BlackElo "1951"]
[WhiteFideId "-1"]
[WhiteFideId "-1"]
[PlyCount "59"]
[GameId "2191261334638592"]
[EventDate "2025.06.19"]
[EventType "swiss"]
[EventRounds "5"]
[EventCountry "CAN"]

{[%evp 0,59,21,7,12,0,-1,-5,0,0,13,7,4,7,5,6,0,8,13,33,65,17,42,26,20,19,23,13,149,152,132,133,111,166,128,206,200,206,221,210,271,200,297,399,397,386,414,245,381,338,363,184,377,95,305,261,473,422,435,444,701,704]} 1. Nf3 Nf6 2. b3 d5 3. Bb2 e6 4. e3 Be7 5. c4 O-O 6. Nc3 b6 7. cxd5 Nxd5 8. Nxd5 Qxd5 9. Qc2 Na6 10. Bc4 Qd8 11. h4 h6 12. Qe4 Rb8 13. Ne5 Bb7 14. Qg4 Bf6 15. Bxa6 Bxa6 16. Nc6 Bxb2 17. Nxd8 Bxa1 18. Nc6 Ra8 19. Qe4 Bf6 20. g4 Bb7 21. g5 Bxc6 22. Qxc6 Be5 23. Qe4 Bd6 24. Qg4 Kh7 25. Rg1 g6 26. h5 Rg8 27. Rh1 gxh5 28. Qe4+ Kg7 29. Rxh5 hxg5 30. Rh7+ 1-0

[Event "Laval op"]
[Site "Laval CAN"]
[Date "2025.06.21"]
[Round "3.4"]
[White "St-Germain, Jack"]
[Black "Dukic, Zachary"]
[Result "0-1"]
[Annotator "hugh_"]
[WhiteElo "1959"]
[BlackElo "2191"]
[WhiteFideId "-1"]
[WhiteFideId "-1"]
[PlyCount "136"]
[GameId "2191261334650880"]
[EventDate "2025.06.19"]
[EventType "swiss"]
[EventRounds "5"]
[EventCountry "CAN"]

{[%evp 0,66,12,22,22,34,36,45,36,36,31,27,26,23,23,21,32,11,30,23,43,-52,24,3,58,34,-71,7,-2,24,58,5,-14,-14,6,6,-12,-64,-11,-115,-71,-119,-167,-1,-145,-258,-282,-308,-174,-302,-324,-330,-210,-407,-76,-60,-108,-58,-59,-37,-48,-1,-1,-41,-51,-18,-57,-34,-1]} 1. e4 d6 2. d4 Nf6 3. Nc3 e5 4. Nf3 Nbd7 5. Bc4 Be7 6. O-O O-O 7. Re1 c6 8. a4 a5 9. h3 exd4 10. Nxd4 Nc5 11. Ba2 Be6 12. Nxe6 fxe6 13. Be3 d5 14. exd5 exd5 15. Bd4 Bd6 16. Qd2 Nh5 17. Qe3 Nf4 18. Bxc5 Bxc5 19. Qxc5 Qg5 20. g3 Nxh3+ 21. Kg2 Rxf2+ 22. Qxf2 Nxf2 23. Kxf2 Rf8+ 24. Kg2 Qf5 25. Rf1 Qxc2+ 26. Kh3 g6 27. Nxd5 cxd5 28. Bxd5+ Kg7 29. Rac1 Qd3 30. Rc7+ Kh6 31. Rxf8 Qxd5 32. Rff7 Kg5 33. Kh2 Qd2+ 34. Kh3 Qd5 35. Kh2 Qd2+ 36. Kh3 Qe1 37. Rc5+ Kh6 38. Rcc7 Kg5 39. Rc5+ Kh6 40. Rcc7 Qh1+ 41. Kg4 Qe4+ 42. Kh3 Qh1+ 43. Kg4 Qe4+ 44. Kh3 b6 45. Rxh7+ Kg5 46. Kh2 Qe2+ 47. Kh3 Qf1+ 48. Kh2 Qf2+ 49. Kh3 Qf1+ 50. Kh2 Qe2+ 51. Kh3 Qg4+ 52. Kh2 Qxa4 53. Rh4 Qd1 54. Rc6 Qd2+ 55. Kg1 Qxb2 56. Rf4 Qe5 57. Kh2 b5 58. Kh3 Kh6 59. Rff6 Qe4 60. Rce6 Qb1 61. g4 Kg5 62. Rb6 Qd3+ 63. Kg2 a4 64. Rfd6 Qe2+ 65. Kh1 Kh4 66. Re6 Qf1+ 67. Kh2 Qf2+ 68. Kh1 Kh3 0-1

[Event "Laval op"]
[Site "Laval CAN"]
[Date "2025.06.21"]
[Round "3.5"]
[White "Jiang, Barron Jiyu"]
[Black "Batorshyn, Ilia"]
[Result "0-1"]
[Annotator "hugh_"]
[WhiteElo "1997"]
[BlackElo "2183"]
[WhiteFideId "-1"]
[WhiteFideId "-1"]
[PlyCount "76"]
[GameId "2191261334667264"]
[EventDate "2025.06.19"]
[EventType "swiss"]
[EventRounds "5"]
[EventCountry "CAN"]

{[%evp 0,76,22,24,36,29,31,-12,30,53,40,32,24,29,28,26,26,22,24,13,21,18,17,18,39,38,72,37,36,32,32,45,57,57,44,34,155,71,69,2,42,0,187,164,196,34,114,148,25,100,103,103,73,-48,-65,-204,-385,-322,-175,-492,-555,-474,-544,-509,-506,-667,-560,-418,-386,-560,-424,-616,-458,-680,-477,-586,-636,-652,-536]} 1. e4 c6 2. d4 d5 3. Nd2 dxe4 4. Nxe4 Nf6 5. Nxf6+ exf6 6. c3 Bd6 7. Bd3 O-O 8. Ne2 Re8 9. Qc2 f5 10. O-O g6 11. g3 c5 12. dxc5 Bxc5 13. b4 Bf8 14. Be3 Nc6 15. Rfd1 Qf6 16. Nf4 Be6 17. b5 Ne5 18. Be2 Bg7 19. Rd6 Qe7 20. Rad1 Rac8 21. Nxe6 fxe6 22. f4 Nf7 23. Rd7 Qa3 24. Qb3 Rxc3 25. Qxa3 Rxa3 26. Bc5 Rxa2 27. Rxb7 Rxe2 28. Rdd7 Rc8 29. Rxf7 Bd4+ 30. Kf1 Rf2+ 31. Ke1 Rxc5 32. Kd1 Bb2 33. Rfc7 Rxc7 34. Rxc7 Bd4 35. Rd7 Bb6 36. Re7 Rb2 37. h4 Rxb5 38. h5 gxh5 0-1

[Event "Laval op"]
[Site "Laval CAN"]
[Date "2025.06.21"]
[Round "3.6"]
[White "Duong, Thanh Nha"]
[Black "Zhang, Chu Hang"]
[Result "1/2-1/2"]
[WhiteElo "2335"]
[BlackElo "2228"]
[WhiteFideId "-1"]
[WhiteFideId "-1"]
[PlyCount "109"]
[GameId "2192332180226075"]
[EventDate "2025.06.19"]
[EventType "swiss"]
[EventRounds "5"]
[EventCountry "CAN"]

1. Nf3 Nf6 2. b3 c5 3. Bb2 Nc6 4. e3 d6 5. d4 Bg4 6. Be2 cxd4 7. exd4 Bxf3 8. Bxf3 d5 9. O-O e6 10. Re1 Bd6 11. Nd2 O-O 12. c4 Rc8 13. a3 dxc4 14. bxc4 Na5 15. c5 Bf4 16. Bc3 Bxd2 17. Bxd2 Nc6 18. Bxc6 Rxc6 19. Bf4 Qd7 20. Be5 Rd8 21. Bxf6 gxf6 22. Qg4+ Kf8 23. Rad1 Qd5 24. h4 h5 25. Qf4 Ke7 26. Rb1 b6 27. cxb6 axb6 28. Rxb6 Rxb6 29. Qc7+ Rd7 30. Qxb6 Qxd4 31. Qxd4 Rxd4 32. g3 f5 33. Kg2 f4 34. Re5 Ra4 35. Rxh5 fxg3 36. Kxg3 Rxa3+ 37. f3 Kf6 38. Rg5 e5 39. Rg4 Ke6 40. h5 f5 41. Rg6+ Kf7 42. Kg2 Ra2+ 43. Kg1 Ra3 44. Kg2 Ra2+ 45. Kg1 Ra4 46. Rb6 Rh4 47. h6 Kg8 48. Rf6 e4 49. Kf2 Rf4 50. Rg6+ Kh7 51. Rg3 Rh4 52. fxe4 Rxe4 53. Rh3 Re6 54. Rh5 Rxh6 55. Rxf5 1/2-1/2

[Event "Laval op"]
[Site "Laval CAN"]
[Date "2025.06.21"]
[Round "3.7"]
[White "Kraiouchkine, Nikita"]
[Black "Berube, Antoine"]
[Result "0-1"]
[WhiteElo "2285"]
[BlackElo "2172"]
[WhiteFideId "-1"]
[WhiteFideId "-1"]
[PlyCount "106"]
[GameId "2192332180226076"]
[EventDate "2025.06.19"]
[EventType "swiss"]
[EventRounds "5"]
[EventCountry "CAN"]

1. e4 c5 2. Nf3 Nc6 3. d4 cxd4 4. Nxd4 e5 5. Nb5 d6 6. c4 Be6 7. N1c3 a6 8. Na3 g6 9. Be2 Bg7 10. Be3 Nf6 11. O-O O-O 12. Nc2 Rc8 13. b3 b5 14. cxb5 axb5 15. Bxb5 Na7 16. Bxa7 Rxc3 17. Bd3 Qa8 18. Be3 Nxe4 19. Qe2 Nf6 20. Rfc1 Rfc8 21. Ne1 d5 22. Rxc3 Rxc3 23. Rc1 Rxc1 24. Bxc1 e4 25. Bb1 d4 26. Bb2 Qd5 27. Qd2 Ng4 28. h3 Nh6 29. Qf4 f5 30. Qd2 Nf7 31. Bc2 d3 32. Bxg7 Kxg7 33. Qc3+ Qe5 34. Qxe5+ Nxe5 35. Bd1 Kf6 36. f3 Nc6 37. Kf2 Ke5 38. Ke3 Nb4 39. f4+ Kd6 40. a3 Nd5+ 41. Kd4 Nxf4 42. b4 d2 43. Nc2 Nxg2 44. Ne3 Nxe3 45. Kxe3 Ke5 46. Kxd2 Kd4 47. b5 f4 48. h4 f3 49. a4 e3+ 50. Kc1 e2 51. Bxe2 fxe2 52. Kd2 Kc5 53. Kxe2 Bb3 0-1

[Event "Laval op"]
[Site "Laval CAN"]
[Date "2025.06.21"]
[Round "3.8"]
[White "Desjardins, Michel"]
[Black "Masse, Hugues"]
[Result "0-1"]
[WhiteElo "1946"]
[BlackElo "2259"]
[WhiteFideId "-1"]
[WhiteFideId "-1"]
[PlyCount "134"]
[GameId "2192332180226077"]
[EventDate "2025.06.19"]
[EventType "swiss"]
[EventRounds "5"]
[EventCountry "CAN"]

1. e4 e6 2. d4 d5 3. Nd2 dxe4 4. Nxe4 Bd7 5. Bd3 Bc6 6. Nf3 Nd7 7. O-O Ngf6 8. Ng3 Be7 9. Re1 O-O 10. Qe2 Bxf3 11. Qxf3 c5 12. dxc5 Nxc5 13. Bf1 Qd5 14. Qxd5 Nxd5 15. Ne4 Nb4 16. Re2 Nxe4 17. Rxe4 Nxc2 18. Rb1 Rfd8 19. Be3 Nb4 20. a3 Nd5 21. Rc1 Bf6 22. Rc2 a6 23. b4 Rac8 24. Rec4 Rxc4 25. Rxc4 Kf8 26. Bc5+ Ke8 27. g3 Rc8 28. Be3 Rxc4 29. Bxc4 Nxe3 30. fxe3 b5 31. Bd3 Kd7 32. Be4 h5 33. Bb7 Kc7 34. Bxa6 Kb6 35. Bc8 Bb2 36. Bd7 Bxa3 37. Be8 f6 38. Bf7 Bxb4 39. Bxe6 Bc5 40. Kf2 Ka5 41. Ke2 Kb4 42. Kd3 Ka3 43. e4 Bd6 44. Kc2 Be5 45. Bd5 Kb4 46. Kd3 Kc5 47. Bg8 Bc7 48. Bf7 Bb6 49. Be8 Ba5 50. Bd7 Be1 51. Be8 b4 52. Bf7 Kd6 53. Ke2 Bc3 54. Kd3 Ke5 55. Bg8 Bd4 56. Bd5 Bg1 57. h3 Bf2 58. g4 Kf4 59. Ke2 Bd4 60. Kd3 Be5 61. Kc4 Bc3 62. Kd3 Kg3 63. Be6 Kxh3 64. g5+ Kg3 65. gxf6 Bxf6 66. Kc4 Bc3 67. Bd5 Kf4 0-1

[Event "Laval op"]
[Site "Laval CAN"]
[Date "2025.06.21"]
[Round "3.9"]
[White "Turcotte, Jonathan"]
[Black "Saine, Zachary"]
[Result "0-1"]
[WhiteElo "2044"]
[BlackElo "2132"]
[WhiteFideId "-1"]
[WhiteFideId "-1"]
[PlyCount "66"]
[GameId "2192332180226078"]
[EventDate "2025.06.19"]
[EventType "swiss"]
[EventRounds "5"]
[EventCountry "CAN"]

1. d4 Nf6 2. c4 e6 3. Nf3 c5 4. d5 exd5 5. cxd5 d6 6. Nc3 g6 7. h3 Bg7 8. e4 O-O 9. Bd3 b5 10. Nxb5 Re8 11. O-O Nxe4 12. Bxe4 Rxe4 13. Bg5 Qd7 14. Nc3 Re8 15. Qd2 Na6 16. Rfe1 Bb7 17. Bh6 Nc7 18. Bxg7 Kxg7 19. Ng5 Rxe1+ 20. Rxe1 Re8 21. Rxe8 Qxe8 22. Nge4 Qe5 23. f4 Qd4+ 24. Qxd4+ cxd4 25. Ne2 Nxd5 26. Nxd4 Nxf4 27. Nxd6 Bxg2 28. b4 Bxh3 29. N4b5 Nd5 30. a3 a6 31. Ne8+ Kf8 32. Nbc7 Nxc7 33. Nxc7 Bc8 0-1

[Event "Laval op"]
[Site "Laval CAN"]
[Date "2025.06.21"]
[Round "3.10"]
[White "Mok, Yuen Tak"]
[Black "Filion, Samuel"]
[Result "1/2-1/2"]
[WhiteElo "2090"]
[BlackElo "1975"]
[WhiteFideId "-1"]
[WhiteFideId "-1"]
[PlyCount "79"]
[GameId "2192332180181002"]
[EventDate "2025.06.19"]
[EventType "swiss"]
[EventRounds "5"]
[EventCountry "CAN"]

1. e4 e6 2. d4 d5 3. e5 c5 4. c3 Nc6 5. Nf3 Bd7 6. Be2 Nge7 7. Na3 Nf5 8. Nc2 cxd4 9. cxd4 Be7 10. O-O O-O 11. Bd3 f6 12. Bf4 fxe5 13. Nxe5 Nxe5 14. Bxe5 Qb6 15. Qg4 Rf7 16. Rab1 Bb5 17. Bxb5 Qxb5 18. Rfe1 Qd3 19. Qe2 Qxe2 20. Rxe2 Rc8 21. Ne1 Bf6 22. Nf3 Nh4 23. Nxh4 Bxh4 24. Rbe1 Bf6 25. f3 Rc6 26. Kf2 Re7 27. Rd1 Bxe5 28. Rxe5 Rc2+ 29. Re2 Rec7 30. Rdd2 Rxd2 31. Rxd2 Kf7 32. Ke3 Kf6 33. Kd3 Rc1 34. Re2 Rd1+ 35. Ke3 Rc1 36. Kd2 Rc4 37. Kd3 Rc1 38. Kd2 Rc4 39. Kd3 Rc1 40. Kd2 1/2-1/2

[Event "Laval op"]
[Site "Laval CAN"]
[Date "2025.06.21"]
[Round "3.11"]
[White "Ali, Nehad"]
[Black "Pomerantz, Daniel"]
[Result "0-1"]
[WhiteElo "1968"]
[BlackElo "2067"]
[WhiteFideId "-1"]
[WhiteFideId "-1"]
[PlyCount "66"]
[GameId "2192332180197387"]
[EventDate "2025.06.19"]
[EventType "swiss"]
[EventRounds "5"]
[EventCountry "CAN"]

1. d4 Nf6 2. c4 g6 3. Nc3 Bg7 4. e4 d6 5. f3 O-O 6. Be3 c5 7. Qd2 cxd4 8. Bxd4 Nc6 9. Be3 Bd7 10. Nge2 Ne5 11. Ng3 Rc8 12. b3 a6 13. Rc1 b5 14. cxb5 axb5 15. Be2 b4 16. Nb1 Rxc1+ 17. Qxc1 h5 18. O-O Qa5 19. a4 bxa3 20. Qxa3 Qxa3 21. Nxa3 Ra8 22. Nc4 h4 23. Nh1 Ra2 24. Nd2 Nc6 25. Rd1 Be6 26. Bb5 Nb4 27. Nf2 Nc2 28. Bb6 Nh5 29. Nd3 h3 30. g4 Bd4+ 31. Bxd4 Nxd4 32. Ne1 Nxb5 33. gxh5 Nc3 0-1

[Event "Laval op"]
[Site "Laval CAN"]
[Date "2025.06.21"]
[Round "3.12"]
[White "Hebrard, Emmanuel"]
[Black "Bain-Thouverez, Aurelien"]
[Result "1-0"]
[WhiteElo "2052"]
[BlackElo "1938"]
[WhiteFideId "-1"]
[WhiteFideId "-1"]
[PlyCount "95"]
[GameId "2192332180197388"]
[EventDate "2025.06.19"]
[EventType "swiss"]
[EventRounds "5"]
[EventCountry "CAN"]

1. f4 d5 2. Nf3 Nf6 3. e3 c5 4. d4 e6 5. c3 Be7 6. Bd3 O-O 7. O-O b6 8. Qe2 a5 9. Nbd2 Ba6 10. Ne5 Bxd3 11. Qxd3 Nfd7 12. Ndf3 f6 13. Ng4 f5 14. Nge5 Nxe5 15. Nxe5 Bf6 16. b3 Bxe5 17. fxe5 Rf7 18. Ba3 Na6 19. Rad1 Qd7 20. Rf2 Qc6 21. c4 dxc4 22. bxc4 Nb4 23. Bxb4 axb4 24. d5 Qd7 25. d6 Ra3 26. Qe2 Qc6 27. Qf3 Qxf3 28. Rxf3 Rd7 29. e4 Rxf3 30. gxf3 f4 31. Rd3 Kf7 32. a3 bxa3 33. Rxa3 Ke8 34. Ra8+ Rd8 35. Ra7 Rd7 36. Ra3 g5 37. Kg2 Kf7 38. Ra8 Rb7 39. Rc8 Kg6 40. Rc7 Rb8 41. Re7 Ra8 42. Rxe6+ Kh5 43. d7 g4 44. Rd6 Ra2+ 45. Kf1 Ra1+ 46. Kf2 Ra2+ 47. Ke1 Ra1+ 48. Rd1 1-0

[Event "Laval op"]
[Site "Laval CAN"]
[Date "2025.06.21"]
[Round "3.13"]
[White "Nassif, Aba"]
[Black "Barrera, Eduardo"]
[Result "0-1"]
[WhiteElo "2043"]
[BlackElo "1901"]
[WhiteFideId "-1"]
[WhiteFideId "-1"]
[PlyCount "90"]
[GameId "2192332180201485"]
[EventDate "2025.06.19"]
[EventType "swiss"]
[EventRounds "5"]
[EventCountry "CAN"]

1. d4 d5 2. Nc3 Nf6 3. Bf4 c5 4. e4 Nxe4 5. Nxe4 dxe4 6. dxc5 Qxd1+ 7. Rxd1 Bd7 8. Bc4 e6 9. Be3 Bc6 10. a3 Nd7 11. b4 a6 12. Ne2 Ba4 13. Nd4 Be7 14. O-O O-O-O 15. c6 Ne5 16. cxb7+ Kxb7 17. Be2 Rc8 18. Nb3 Bxb3 19. cxb3 Rhd8 20. Bd4 Bf6 21. b5 axb5 22. Bxb5 Rd5 23. Be2 Rcd8 24. Be3 Rxd1 25. Bxd1 Be7 26. a4 f5 27. Be2 g5 28. a5 Nd3 29. Rd1 Rd5 30. Ra1 Ka6 31. Bd2 Bc5 32. b4 Bxf2+ 33. Kf1 f4 34. Rc1 Kb5 35. Rc8 Bd4 36. Rb8+ Ka4 37. Bd1+ Ka3 38. b5 e3 39. Be1 Nxe1 40. a6 Ba7 41. Rb7 Nxg2 42. Bf3 Rd2 43. Bxg2 Rxg2 44. b6 f3 45. Ke1 e2 0-1

[Event "Laval op"]
[Site "Laval CAN"]
[Date "2025.06.21"]
[Round "3.14"]
[White "Hu, Raymond"]
[Black "Iordanescu, Victor Nicolae"]
[Result "1/2-1/2"]
[WhiteElo "1944"]
[BlackElo "2041"]
[WhiteFideId "-1"]
[WhiteFideId "-1"]
[PlyCount "77"]
[GameId "2192332180201486"]
[EventDate "2025.06.19"]
[EventType "swiss"]
[EventRounds "5"]
[EventCountry "CAN"]

1. e4 c5 2. Nf3 d6 3. d4 cxd4 4. Nxd4 Nf6 5. Nc3 a6 6. Bg5 e6 7. f4 Be7 8. Qf3 Qc7 9. O-O-O Nbd7 10. g4 b5 11. a3 Bb7 12. Bxf6 Nxf6 13. g5 Nd7 14. h4 g6 15. h5 O-O-O 16. hxg6 hxg6 17. Rxh8 Rxh8 18. Ncxb5 axb5 19. Nxb5 Qb6 20. Nxd6+ Bxd6 21. Rxd6 Qc7 22. Rd4 Kb8 23. Bb5 Nc5 24. b4 Qb6 25. bxc5 Qxb5 26. Qc3 Rh1+ 27. Kd2 Kc8 28. Qd3 Qa5+ 29. Rb4 Qc7 30. Qd6 Rh8 31. Kc1 Rd8 32. Qxc7+ Kxc7 33. Kb2 Ra8 34. Kb3 Ra5 35. Rc4 Ba6 36. Ra4 Rb5+ 37. Kc4 Ra5+ 38. Kb4 Rb5+ 39. Kc4 1/2-1/2